Statistics for Africa - Countries by Capitals with Map

Click here to take the quiz!

General Stats

  • This quiz has been taken 843 times
    (641 since last reset)
  • The average score is 37 of 54

Answers on the Map

Answers color-coded by a green-red scale on the quiz's map according to % correct below.
 

Answer Stats

Capital(s)Country% Correct
AlgiersAlgeria
95%
CairoEgypt
94%
DjiboutiDjibouti
93%
Addis AbabaEthiopia
89%
BissauGuinea-Bissau
88%
NairobiKenya
86%
Pretoria, Cape Town, or BloemfonteinSouth Africa
85%
TunisTunisia
84%
São ToméSão Tomé and Príncipe
83%
AbujaNigeria
80%
AccraGhana
79%
TripoliLibya
79%
AntananarivoMadagascar
79%
RabatMorocco
79%
KhartoumSudan
79%
KinshasaDemocratic Republic of the Congo
78%
BrazzavilleRepublic of the Congo
78%
MogadishuSomalia
78%
DakarSenegal
76%
FreetownSierra Leone
73%
KampalaUganda
73%
HarareZimbabwe
73%
WindhoekNamibia
71%
JubaSouth Sudan
71%
LuandaAngola
70%
MonroviaLiberia
68%
N'DjamenaChad
67%
AsmaraEritrea
67%
OuagadougouBurkina Faso
66%
KigaliRwanda
65%
NiameyNiger
64%
LoméTogo
62%
Porto-Novo or CotonouBenin
61%
ConakryGuinea
61%
Port LouisMauritius
61%
VictoriaSeychelles
61%
DodomaTanzania
61%
GaboroneBotswana
60%
LilongweMalawi
60%
PraiaCape Verde
59%
LibrevilleGabon
59%
MoroniComoros
58%
BamakoMali
58%
LusakaZambia
58%
MbabaneEswatini
57%
MaputoMozambique
57%
BanguiCentral African Republic
56%
NouakchottMauritania
56%
BanjulGambia
54%
GitegaBurundi
53%
YaoundéCameroon
53%
YamoussoukroCôte d'Ivoire
53%
MaseruLesotho
49%
MalaboEquatorial Guinea
48%

Score Distribution

Percentile by Number Answered

Percent of People with Each Score

Your Score History

You have not taken this quiz since the last reset